Komunikačná politika podniku ako nástroj predaja produktov bakalárska práca

Guardado en:
Detalles Bibliográficos
Autor principal: Mitašiková, Martina
Autor Corporativo: Fakulta podnikového manažmentu EU. Katedra podnikovohospodárska
Otros Autores: Grančičová, Katarína, 1967-
Formato: Libro
Lenguaje:eslovaco
Publicado: Bratislava 2020
Etiquetas: Agregar Etiqueta
Sin Etiquetas, Sea el primero en etiquetar este registro!

MARC

LEADER 00000nbm a2200000 4500
001 0266176
005 20201126130214.7
041 0 |a slo 
044 |a SK 
245 1 0 |a Komunikačná politika podniku ako nástroj predaja produktov  |b bakalárska práca  |c Martina Mitašiková ; školiteľ: Katarína Grančičová 
264 1 |a Bratislava  |c 2020 
300 |a 49 s. 
100 1 |a Mitašiková, Martina 
700 1 |a Grančičová, Katarína, 1967- 
710 2 |a Fakulta podnikového manažmentu EU. Katedra podnikovohospodárska